| 000 | 00633 a2200181 4500 | ||
|---|---|---|---|
| 020 | _a0387942483 | ||
| 020 | _a9780387942483 | ||
| 082 | 0 | 4 | _a512.55 |
| 090 |
_c303 _d303 |
||
| 100 | 1 | _aRosenberg, Jonathan. | |
| 245 | 1 | 0 |
_aAlgebraic K-theory and its applications / _cJonathan Rosenberg. |
| 260 |
_a[S.l.] : _bSpringer, _c1994. |
||
| 300 |
_a418 p. ; _c24 cm. |
||
| 490 | 1 | _aGraduate texts in mathematics) (V. 147. | |
| 830 | 0 | _aGraduate texts in mathematics) (V. 147. | |
| 942 |
_aSNS _cBK _k512.55 ROS |
||
| 999 |
_c28938 _d28938 |
||